| 000 | 00936nam a2200241 a 4500 | ||
|---|---|---|---|
| 001 | BRCA_2256 | ||
| 005 | 20190320203731.0 | ||
| 008 | 010120s2001####ne-a######---#000-0#spa-# | ||
| 041 | _aspa | ||
| 044 | _ane | ||
| 050 | 4 |
_aTR820 _b.W67 2001 |
|
| 245 | 1 | 0 |
_aWorld Press Photo _ceditor Kari Lundelin ; traducción Jorge A. Sánchez, Silvana Laguardia. |
| 260 |
_aÁmsterdam _bFundación World Press Photo : Embajada del Reino de los Países Bajos _c2001 |
||
| 300 |
_a152 p. _bil. (algunas a color) _c30 cm. |
||
| 500 | _aCatálogo de la exposición realizada en el Museo Franz Mayer (Ciudad de México), 12 julio - 12 agosto, 2001 | ||
| 500 | _aIncluye lista de países participantes | ||
| 650 | 1 | 4 |
_aFotoperiodismo _vExposiciones _xPremios _95406 |
| 650 | 1 | 4 |
_aFotografía _vExposiciones _xPremios _95407 |
| 700 | 1 |
_aLundelin, Kari _96776 |
|
| 700 | 1 |
_aSánchez, Jorge A. _96777 |
|
| 700 | 1 |
_aLaguardia, Silvana _95408 |
|
| 942 |
_2lcc _cB |
||
| 999 |
_c2005 _d2005 |
||